| 000 | 01064nam a2200229Ia 4500 | ||
|---|---|---|---|
| 999 |
_c38072 _d38072 |
||
| 001 | 4058 | ||
| 003 | GE_BSU | ||
| 005 | 20190924165120.0 | ||
| 008 | 181216s1984||||ge |||||||||||||| ||geo|| | ||
| 040 | _cGE_BSU | ||
| 041 | _ageo | ||
| 080 | _a398(470) პ–88 | ||
| 100 |
_aპროპი, ვ. _94293 |
||
| 245 |
_aზღაპრის მორფოლოგია / _cრედ. ს. ცაიშვილი; თარგმნა მარიამ კარბელაშვილმა. |
||
| 264 |
_aთბ. : _bმეცნიერება, _c1984. |
||
| 300 |
_a234 გვ. ; _b21 სმ. |
||
| 653 | _aზღაპრის ისტორია და კრიტიკა | ||
| 700 |
_aს. ცაიშვილი _eრედაქტორი _94294 |
||
| 700 |
_aკარბელაშვილი, მარიამ _eმთარგმნელი _94295 |
||
| 710 |
_aშოთა რუსთაველის სახ. ქართული ლიტ-რის ისტორიის ინ-ტი _93444 |
||
| 942 |
_cBK _2udc |
||